[Event "Villa Ballester op 73rd"]
[Site "Buenos Aires"]
[Date "2024.01.19"]
[Round "1"]
[White "Cisneros, German"]
[Black "Granelli, Nicolas Diego"]
[Result "1-0"]
[WhiteElo "1915"]
[BlackElo "1295"]
[PlyCount "55"]
[EventDate "2024.01.19"]
[EventType "swiss"]
[EventRounds "9"]
[EventCountry "ARG"]
[SourceTitle "CB06_2024"]
[SourceDate "2024.02.07"]
[SourceVersion "1"]
[SourceVersionDate "2024.02.07"]
[SourceQuality "1"]

1. e4 c5 2. Nf3 e6 3. d3 Nc6 4. g3 g6 5. Bg2 Bg7 6. 0-0 Nge7 7. c3 a5 8. Nbd2 Ra7 9. a4 b6 10. Re1 Ba6 11. Nf1 e5 12. Ne3 Rc7 13. Nd5 Rc8 14. Bg5 h6 15. Bf6 Bxf6 16. Nxf6+ Kf8 17. Bh3 Rc7 18. d4 cxd4 19. cxd4 d6 20. dxe5 dxe5 21. Qxd8+ Nxd8 22. Nxe5 Nec6 23. Nf3 Nb4 24. Rac1 Rb7 25. Red1 Kg7 26. Rd6 Nd3 27. Rc2 Nc5 28. Rxc5 1-0